| 000 | 00474pab a2200169 454500 | ||
|---|---|---|---|
| 008 | 180718b2011 xxu||||| |||| 00| 0 eng d | ||
| 100 | _aMallick, Mohammed Ayub | ||
| 245 | _aTribal development scenario in West Bengal: A study of Jamalpur block of Burdwan district | ||
| 260 | _c2011 | ||
| 300 | _ap.315-334. | ||
| 362 | _aJul | ||
| 650 | _aTribes - India - West Bengal | ||
| 650 | _aTribes | ||
| 773 | _aIndian Journal of Social Work | ||
| 908 | _aN | ||
| 909 | _a95063 | ||
| 999 |
_c95063 _d95063 |
||